000 00833cam a2200289 i 4500
001 200468065
003 TR-AnTOB
005 20260413112011.0
007 ta
008 260409t19651965nyu |||| |||| 00| 0 eng d
020 _a0586022791
040 _aTR-AnTOB
_beng
_erda
_cTR-AnTOB
041 0 _aeng
050 1 4 _aPS3572.O5
_bG63 1965
090 _aPS3572.O5
_bG63 1965
100 1 _aVonnegut, Kurt,
_d1922-2007
_eauthor
_937881
245 1 0 _aGod bless you, Mr Rosewater :
_bor pearls before swine /
_cKurt Vonnegut, Jr.
264 1 _aNew York :
_bTriad Panther,
_c1965.
264 4 _c©1965
300 _a222 pages ;
_c18 cm
336 _atext
_btxt
_2rdacontent
337 _aunmediated
_bn
_2rdamedia
338 _avolume
_bnc
_2rdacarrier
650 0 _aAmerican fiction
_973466
942 _cBK
_2lcc
999 _c200468065
_d86277